Can you reconize the Worlds LOL songs from those screenshots? - Statistics

General Stats
  • This quiz has been taken 10 times
  • The average score is 8 of 11
Answer Stats
Picture Answer % Correct
Ignite - Zedd (2016)
100%
Heavy Is The Crown - Linkin Park (2024)
90%
Phoenix - Cailin Russo, Chrissy Costanza (2019)
80%
Rise - The Glitch Mob, Mako, The World Alive (2018)
80%
STAR WALKIN' - Lil Nas X (2022)
80%
Warriors - Imagine Dragons (2014)
80%
GODS - Newjeans (2023)
70%
Burn It All Down - Pvris (2021)
60%
Legends Never Die - Against The Current (2017)
50%
Take Over - Jeremy Mckinnon, MAX, Henry (2020)
40%
Worlds Collide - Nicki Taylor (2015)
30%
No matching quizzes found
Score Distribution
Percent of People with Each Score
Percentile by Number Answered
Your Score History
You have not taken this quiz